00584nam a2200145Ia 4500008004100000020001800041100001900059245007000078260003900148650001700187650007900204856004500283999001900328952009100347171212s9999 xx 000 0 und d a9780874215687 aMckean, Thomas cMckean, ThomasaThe Flowering ThornbInternational Ballad Studies bUniversity Press of Coloradoc2003 aAnthropology aBallads -- History and criticism; Folk literature -- History and criticism uwww.jstor.org/stable/10.2307/j.ctt46nrm0 c353180d353180 001040aCLbCLd2017-12-12l0oML3545.F596 2003r2017-12-12 00:00:00w2017-12-12yCBE